| 000 | 02308nam a2200349 a 4500 | ||
|---|---|---|---|
| 003 | BLK | ||
| 005 | 20230707134403.0 | ||
| 008 | 220208b bu |||||r|||| 00| | bu d | ||
| 020 | _a9786199061459 | ||
| 040 | _aBLK | ||
| 041 |
_aBUL _aENG _cBUL |
||
| 080 |
_aФотография. Кинематография _b77 _x-051(497.2)(083.824) _z77-051(497.2)(083.824) _9240598 |
||
| 080 |
_aХудожествена фотография _b77.04 _x(497.2)(083.824) _z77.04(497.2)(083.824) |
||
| 100 |
_9434236 _aМихайлова, Лоте Антонова |
||
| 245 |
_aЗавръщането _bКаталог от изложба, Софийска градска художествена галерия, 4 април - 14 май 2023 _cЛоте Михайлова ; текстове Еми Барух и др. ; състав. Еми Барух. |
||
| 246 | _aThe comeback : catalogue of exhibition, Sofia City Art Gallery, 4 April-14 May 2023 | ||
| 257 | _aBGR | ||
| 260 |
_9221646 _aСофия _bФонд. Фотофабрика _c2023 _f[София] : Неопринт _n978-619-90614- |
||
| 300 |
_a[110] с. _bс фотогр. _c27 см |
||
| 380 | _a7 | ||
| 500 | _aПарал. текст на англ. Други авт. на доп. материал: Георги Лозанов, Стефан Иванов. Пълната форма на името на авт. на доп. материал Георги Лозанов е Георги Лозанов Георгиев. Всичко, което се случваше около нея, тя превръщаше в изкуство / Михаил Атанасов ; разговора води Стефан Иванов: с. 18-23. Прев. текстове от нем. ез. / Георги Влахов. | ||
| 504 | _aБиография: с. 104-107. | ||
| 600 | 0 |
_9434236 _aМихайлова, Лоте Антонова |
|
| 650 | 0 |
_9351335 _aФотография - изложби и каталози |
|
| 650 | 0 |
_9271708 _aФотографи, български |
|
| 653 | 0 |
_9401783 _aснимкови албуми |
|
| 700 |
_9488208 _aБарух, Еми Фидел _eтекст |
||
| 852 |
_aЦб ІІ 31959 _bЦб |
||
| 942 |
_cKNG _n0 _s1 |
||
| 944 |
_aCR _c2023-07-07 _kКети |
||
| 999 |
_c492543 _d492543 |
||